[Event "Polanica Zdroj op-D 58th"]
[Site "Polanica Zdroj"]
[Date "2022.08.19"]
[Round "7"]
[White "Wilgosz, Jan"]
[Black "Gbiorczyk, Mikolaj1111"]
[Result "1-0"]
[WhiteElo "1597"]
[BlackElo "1781"]
[PlyCount "112"]
[EventDate "2022.08.13"]
[EventType "swiss"]
[EventRounds "9"]
[EventCountry "POL"]
[SourceTitle "CBM 210 Extra"]
[Source "ChessBase"]
[SourceDate "2022.11.30"]
[SourceVersion "1"]
[SourceVersionDate "2022.11.30"]
[SourceQuality "1"]

1. e4 d6 2. d4 g6 3. Nc3 Bg7 4. f4 a6 5. Nf3 b5 6. Bd3 Bb7 7. Qe2 e6 8. f5 b4 9. Nd1 exf5 10. Bg5 Bf6 11. exf5+ Kf8 12. Bxf6 Nxf6 13. 0-0 Nbd7 14. Qd2 Kg7 15. Qxb4 Rb8 16. Qd2 c5 17. c3 Qb6 18. Qf4 Nd5 19. Qh4 N7f6 20. Bc4 Rbe8 21. Ng5 Re7 22. Bxd5 Bxd5 23. Qf2 Rf8 24. Ne3 Be4 25. Nxe4 Rxe4 26. fxg6 fxg6 27. Nd5 Qd8 28. Nxf6 Rxf6 29. Qxf6+ Qxf6 30. Rxf6 Kxf6 31. dxc5 dxc5 32. Kf2 Re6 33. Rd1 Rb6 34. b3 a5 35. Rd5 a4 36. Rxc5 axb3 37. axb3 Rxb3 38. Rc7 Ke5 39. Kg3 Kf5 40. Kf3 h5 41. Rc5+ Ke6 42. Kf4 Kd6 43. Rg5 Rxc3 44. Rxg6+ Ke7 45. Rg5 h4 46. Kg4 Kf6 47. Kxh4 Rc4+ 48. Rg4 Rc8 49. Kg3 Kf5 50. Rf4+ Kg5 51. h4+ Kh5 52. Kh3 Rc3+ 53. g3 Ra3 54. Rf5+ Kg6 55. Rg5+ Kh6 56. Rb5 Rc3 1-0

[Event "Polanica Zdroj op-D 58th"]
[Site "Polanica Zdroj"]
[Date "2022.08.18"]
[Round "6"]
[White "Ugorek, Kacper"]
[Black "Wilgosz, Jan"]
[Result "0-1"]
[WhiteElo "1747"]
[BlackElo "1597"]
[PlyCount "142"]
[EventDate "2022.08.13"]
[EventType "swiss"]
[EventRounds "9"]
[EventCountry "POL"]
[SourceTitle "CBM 210 Extra"]
[Source "ChessBase"]
[SourceDate "2022.11.30"]
[SourceVersion "1"]
[SourceVersionDate "2022.11.30"]
[SourceQuality "1"]

1. d4 Nf6 2. c4 g6 3. Nc3 Bg7 4. e4 d6 5. Nf3 0-0 6. Be2 e5 7. Be3 Nc6 8. d5 Ne7 9. Nd2 Ne8 10. b4 f5 11. f3 Nf6 12. c5 f4 13. Bf2 g5 14. Nc4 a6 15. cxd6 cxd6 16. Nb6 Rb8 17. Nxc8 Rxc8 18. Rc1 Ng6 19. 0-0 h5 20. Na4 g4 21. Qd2 Qe7 22. Rxc8 Rxc8 23. Rc1 Qd8 24. Rxc8 Qxc8 25. Qc3 Qd8 26. b5 axb5 27. Bxb5 Nh7 28. Bb6 Qg5 29. Kh1 Qh4 30. Bd7 Bf6 31. fxg4 hxg4 32. g3 Qg5 33. Qc8+ Kg7 34. Bxg4 fxg3 35. hxg3 Ne7 36. Qd7 Nf8 37. Qxd6 Qxg4 38. Qb4 Qh3+ 39. Kg1 Qxg3+ 40. Kf1 Neg6 41. Bc5 Qf3+ 42. Ke1 Bh4+ 43. Kd2 Bg5+ 44. Kc2 Nd7 45. Qxb7 Qxe4+ 46. Kb3 Qd3+ 47. Nc3 Qh3 48. a4 Kh6 49. Bb4 Bd2 50. Qb5 Nf4 51. a5 Nd3 52. Qc6+ Kh5 53. a6 N3c5+ 54. Kc2 Qd3+ 55. Kb2 Bxc3+ 56. Bxc3 Qe2+ 57. Ka3 Qc4 58. Kb2 Qb3+ 59. Kc1 Qxc3+ 60. Kd1 Qd3+ 61. Ke1 Qxa6 62. Qc7 Qa1+ 63. Ke2 Qb2+ 64. Kf1 Qc1+ 65. Kg2 Qd2+ 66. Kh3 Qxd5 67. Kh2 Ne4 68. Qc8 Qd2+ 69. Kh1 Qe1+ 70. Kg2 Qf2+ 71. Kh1 Ng3# 0-1

[Event "Rubinstein Memorial op-D 57th"]
[Site "Polanica Zdroj"]
[Date "2021.08.16"]
[Round "3"]
[White "Wilgosz, Jan"]
[Black "Basiaga, Sebastian"]
[Result "1/2-1/2"]
[WhiteElo "1532"]
[BlackElo "1748"]
[PlyCount "100"]
[EventDate "2021.08.14"]
[EventType "swiss"]
[EventRounds "9"]
[EventCountry "POL"]
[SourceTitle "CBM 204 Extra"]
[Source "ChessBase"]
[SourceDate "2021.11.30"]
[SourceVersion "1"]
[SourceVersionDate "2021.11.30"]
[SourceQuality "1"]

1. e4 e5 2. Nf3 Nc6 3. Bb5 a6 4. Ba4 Nf6 5. d4 exd4 6. 0-0 Be7 7. Re1 b5 8. Bb3 d6 9. Bd5 Nxd5 10. exd5 Ne5 11. Nxd4 0-0 12. Nc3 Bb7 13. f4 Nc4 14. Nc6 Bxc6 15. dxc6 Bf6 16. Nd5 Nb6 17. Nxb6 cxb6 18. Qd5 Qc7 19. g4 g6 20. a4 b4 21. Bd2 a5 22. c3 bxc3 23. Bxc3 Bxc3 24. bxc3 Rac8 25. Rad1 Qxc6 26. Qxd6 Qxa4 27. Qxb6 Qxf4 28. Rd4 Qg5 29. c4 Rfe8 30. Rde4 Rxe4 31. Rxe4 Qc5+ 32. Qxc5 Rxc5 33. Kf2 a4 34. Ke3 Ra5 35. Kd4 a3 36. Re1 a2 37. Ra1 Kf8 38. Kc3 Ke7 39. Kb3 Kd6 40. Rxa2 Rxa2 41. Kxa2 f5 42. gxf5 gxf5 43. Kb3 Kc5 44. Kc3 f4 45. Kd3 f3 46. Ke3 f2 47. Kxf2 Kxc4 48. Ke3 Kd5 49. Kf4 Ke6 50. Kg5 Ke5 1/2-1/2

[Event "Polanica Zdroj op-D 56th"]
[Site "Polanica Zdroj"]
[Date "2020.08.23"]
[Round "9"]
[White "Zyla, Tomasz"]
[Black "Wilgosz, Jan"]
[Result "1/2-1/2"]
[WhiteElo "1543"]
[BlackElo "1617"]
[PlyCount "58"]
[EventDate "2020.08.15"]
[EventType "swiss"]
[EventRounds "9"]
[EventCountry "POL"]
[SourceTitle "CBM 198 Extra"]
[Source "ChessBase"]
[SourceDate "2020.11.30"]
[SourceVersion "1"]
[SourceVersionDate "2020.11.30"]
[SourceQuality "1"]

1. d4 Nf6 2. Nf3 g6 3. c4 Bg7 4. Nc3 0-0 5. e4 d6 6. Be2 e5 7. d5 a5 8. h3 Nh5 9. 0-0 Na6 10. Na4 Bd7 11. Nh2 Nf4 12. Bxf4 exf4 13. Nc3 Nc5 14. Bd3 f5 15. exf5 Nxd3 16. Qxd3 Bxf5 17. Qd2 f3 18. Nxf3 Bxh3 19. Ng5 Bf5 20. Ne6 Bxe6 21. dxe6 Bxc3 22. Qxc3 Qf6 23. Rae1 Qxc3 24. bxc3 Rf4 25. c5 dxc5 26. Rd1 Re4 27. Rd7 Rxe6 28. Rxc7 Rd8 29. Rxb7 Rd2 1/2-1/2

[Event "POL-chT3 Dolnoslaskie 1718"]
[Site "Poland"]
[Date "2018.03.25"]
[Round "10.13"]
[White "Wilgosz, Jan"]
[Black "Szydelko, Marcin"]
[Result "0-1"]
[WhiteElo "1144"]
[BlackElo "1943"]
[PlyCount "120"]
[EventDate "2017.10.08"]
[EventType "team-tourn"]
[EventRounds "11"]
[EventCountry "POL"]
[SourceTitle "EXT 2019"]
[Source "ChessBase"]
[SourceDate "2018.10.10"]
[SourceVersion "1"]
[SourceVersionDate "2018.10.10"]
[SourceQuality "1"]

1. e4 e5 2. Nf3 Nc6 3. Bb5 a6 4. Ba4 Nf6 5. d4 exd4 6. 0-0 Be7 7. Re1 0-0 8. e5 Nd5 9. c3 d6 10. Bxc6 bxc6 11. cxd4 Bg4 12. Qd3 Qd7 13. a3 a5 14. Nc3 Rab8 15. h3 Bf5 16. Ne4 a4 17. Qc4 Nb6 18. Qc3 Nd5 19. Qc4 Nb6 20. Qc3 Bxe4 21. Rxe4 d5 22. Rg4 Kh8 23. Qc2 f5 24. Ng5 Bxg5 25. Rxg5 Qe6 26. Rh5 g6 27. Rh4 Nc4 28. Rb1 Rb3 29. Bg5 Rfb8 30. Bf6+ Kg8 31. Qc1 Rf8 32. Qh6 Kf7 33. Qg7+ Ke8 34. Qxc7 Qd7 35. Qxd7+ Kxd7 36. Rxh7+ Kc8 37. Rh8 Rxh8 38. Bxh8 Rxb2 39. Rxb2 Nxb2 40. Bg7 c5 41. dxc5 Nc4 42. e6 Nxa3 43. g4 fxg4 44. hxg4 Nb5 45. Ba1 Nc7 46. e7 Kd7 47. Bf6 a3 48. Kf1 Ne8 49. Bd4 Kxe7 50. Ke2 Nc7 51. Ke3 Ne6 52. Ba1 Nxc5 53. Kf4 Nb3 54. Bc3 Ke6 55. Kg5 d4 56. Bxd4 Nxd4 57. Kxg6 Nf3 58. g5 a2 59. Kh6 a1Q 60. g6 Qh8# 0-1